[Event "ch-NED w 2013"]
[Site "Amsterdam NED"]
[Date "2013.07.10"]
[Round "6.3"]
[White "Lanchava, Tea"]
[Black "Peng, Zhaoqin"]
[Result "1-0"]
[WhiteTitle "IM"]
[BlackTitle "GM"]
[WhiteElo "2287"]
[BlackElo "2389"]
[WhiteFideId "1005308"]
[BlackFideId "1004786"]
[EventDate "2013.07.05"]

1. Nf3 d5 2. b3 c5 3. Bb2 Nf6 4. e3 g6 5. d4 Bg7 6. Nbd2 cxd4 7. exd4 O-O 8. Bd3
Nc6 9. c3 Qc7 10. O-O Nh5 11. Rc1 Nf4 12. Bb1 e5 13. c4 e4 14. Ne5 f5 15. g3
Nxe5 16. dxe5 Nh3+ 17. Kg2 Nxf2 18. Rxf2 e3 19. cxd5 Qd8 20. Rf3 exd2 21. Qxd2
b6 22. Kg1 Bb7 23. Rd1 Qc7 24. Qc3 Qd7 25. Qb4 Rfe8 26. Qf4 Rad8 27. Rfd3 Qe7
28. d6 Qe6 29. d7 Re7 30. Rd6 Rexd7 31. Rxe6 Rxd1+ 32. Kf2 Rxb1 33. Bc1 Rc8 34.
Bd2 Bf8 35. Rd6 Rb2 36. e6 Be4 37. Rd7 Bc5+ 38. Ke2 Bc6 39. Kd1 Rxa2 40. Qe5 Bf8
41. Qf6 1-0

[Event "ch-NED w 2013"]
[Site "Amsterdam NED"]
[Date "2013.07.10"]
[Round "6.4"]
[White "Middelveld, Martine"]
[Black "Paulet, Iozefina"]
[Result "1-0"]
[BlackTitle "WGM"]
[WhiteElo "2130"]
[BlackElo "2228"]
[WhiteFideId "1016555"]
[BlackFideId "1213261"]
[EventDate "2013.07.05"]

1. d4 Nf6 2. c4 e6 3. Nc3 Bb4 4. Qc2 c5 5. dxc5 O-O 6. a3 Bxc5 7. Nf3 b6 8. Bg5
Bb7 9. e4 h6 10. Bh4 Be7 11. Rd1 Nh5 12. Bxe7 Qxe7 13. Be2 Nf4 14. O-O f5 15. e5
g5 16. Qd2 Qg7 17. Ne1 Qxe5 18. Bf3 Nc6 19. Qxd7 Rf7 20. Qd6 Qxd6 21. Rxd6 Na5
22. Bxb7 Nxb7 23. Rd1 Na5 24. g3 Ng6 25. c5 bxc5 26. Nd3 c4 27. Nc5 Nf8 28. Rfe1
Rb8 29. N3a4 Re7 30. Re2 Kf7 31. Rd6 Nb7 32. Rd4 Na5 33. Rd6 h5 34. Ra6 Nb3 35.
Nxb3 cxb3 36. Nc5 Rb5 37. Rc6 f4 38. Re5 Nh7 39. gxf4 Kg6 40. f5+ Kf7 41. fxe6+
Kg6 42. Re3 g4 43. Rxb3 Rxb3 44. Nxb3 Ng5 45. Nd4 h4 46. f3 gxf3 47. Kf2 Kf6 48.
Nxf3 Rxe6 49. Rxe6+ Nxe6 50. Nxh4 Ke5 51. Ke3 Kd5 52. Kd3 Nc5+ 53. Kc2 Ke4 54.
b4 Ne6 55. Kc3 Nd4 56. a4 Kd5 57. Ng2 Ne2+ 58. Kd2 Ng1 59. Kd3 Nh3 60. Ne3+ Kc6
61. Kc4 Kb6 62. Nd5+ Kc6 63. b5+ Kd6 64. Ne3 Kc7 65. Kb4 Nf4 66. h4 Nd3+ 67. Kc4
Ne5+ 68. Kb3 a6 69. b6+ Kc6 70. Nc4 Nf3 71. h5 Nd4+ 72. Kb4 Nf5 73. Ka5 Kb7 74.
Ne5 Nh6 75. Nd7 Nf5 76. Nc5+ 1-0

[Event "ch-NED w 2013"]
[Site "Amsterdam NED"]
[Date "2013.07.11"]
[Round "7.1"]
[White "Bensdorp, Marlies"]
[Black "Schut, Lisa"]
[Result "0-1"]
[WhiteTitle "WIM"]
[BlackTitle "WIM"]
[WhiteElo "2263"]
[BlackElo "2277"]
[WhiteFideId "1009311"]
[BlackFideId "1019481"]
[EventDate "2013.07.05"]

1. d4 Nf6 2. c4 g6 3. Nc3 d5 4. e3 Bg7 5. Qb3 e6 6. Qa3 Nc6 7. Nf3 Ne7 8. Bd2
O-O 9. Bd3 b6 10. O-O dxc4 11. Bxc4 Bb7 12. Rfd1 Ned5 13. Rac1 Nxc3 14. Bxc3
Bxf3 15. gxf3 Nd5 16. Bb4 Qg5+ 17. Kh1 Rfd8 18. Bf1 Qh4 19. Be1 Bf8 20. Qa6 Bd6
21. f4 g5 22. f3 Qh5 23. Qe2 gxf4 24. e4 Ne3 25. Rd3 Kh8 26. Bd2 c5 27. Bxe3
fxe3 28. dxc5 Bf4 29. Rcd1 Rxd3 30. Rxd3 bxc5 31. Rd7 Rg8 32. b3 Qg5 33. Bg2 Qh4
34. Bf1 Bxh2 35. Qxh2 e2 0-1

[Event "ch-NED w 2013"]
[Site "Amsterdam NED"]
[Date "2013.07.11"]
[Round "7.2"]
[White "Peng, Zhaoqin"]
[Black "Van Weersel, Arlette"]
[Result "1-0"]
[WhiteTitle "GM"]
[BlackTitle "WIM"]
[WhiteElo "2389"]
[BlackElo "2176"]
[WhiteFideId "1004786"]
[BlackFideId "1009877"]
[EventDate "2013.07.05"]

1. d4 Nf6 2. c4 g6 3. Nc3 d5 4. cxd5 Nxd5 5. Bd2 Bg7 6. e4 Nb6 7. Be3 Be6 8. d5
Bc8 9. Qd2 e6 10. Bg5 f6 11. Bh6 O-O 12. O-O-O exd5 13. exd5 c6 14. d6 Be6 15.
Nh3 Nd5 16. Bxg7 Kxg7 17. Nf4 Bf7 18. Bc4 Qxd6 19. Ncxd5 cxd5 20. Bxd5 Bxd5 21.
Nxd5 Nc6 22. Nf4 Qc5+ 23. Qc2 Qxc2+ 24. Kxc2 Rf7 25. Ne6+ Kg8 26. Rd6 Re8 27.
Rhd1 Rfe7 28. Nf4 Rf7 29. a3 f5 30. h4 Ne5 31. b3 Ng4 32. R1d2 Rf6 33. f3 Rxd6
34. Rxd6 Ne5 35. Kc3 Kf7 36. Nd5 Rc8+ 37. Kd4 Nc6+ 38. Kd3 Na5 39. Nf4 Nxb3 40.
Rd7+ Kg8 41. Re7 Rd8+ 42. Kc3 Nc5 43. Rc7 Na4+ 44. Kb3 Rd6 45. g3 Nb6 46. Rxb7
Nd5 47. Nxd5 Rxd5 48. Kc4 Ra5 49. Kb4 Re5 50. Rxa7 Re3 51. Rc7 Rxf3 52. Rc3 Rf1
53. a4 f4 54. gxf4 Rxf4+ 55. Rc4 Rf8 56. a5 Kg7 57. a6 Ra8 58. Kb5 Rb8+ 59. Ka5
Kf6 60. Rc5 h6 61. a7 Ra8 62. Kb6 g5 63. Rc6+ Kf5 64. Rxh6 g4 65. Kb7 Rg8 66.
a8=Q Rxa8 67. Kxa8 g3 68. h5 1-0

[Event "ch-NED w 2013"]
[Site "Amsterdam NED"]
[Date "2013.07.11"]
[Round "7.3"]
[White "Paulet, Iozefina"]
[Black "Lanchava, Tea"]
[Result "0-1"]
[WhiteTitle "WGM"]
[BlackTitle "IM"]
[WhiteElo "2228"]
[BlackElo "2287"]
[WhiteFideId "1213261"]
[BlackFideId "1005308"]
[EventDate "2013.07.05"]

1. e4 g6 2. d4 Bg7 3. Nc3 d6 4. Nf3 Nf6 5. Be3 a6 6. a4 Nc6 7. h3 O-O 8. Bc4 e6
9. Qd2 d5 10. Bd3 Nb4 11. e5 Nd7 12. h4 c5 13. Bh6 cxd4 14. Bxg7 Nxd3+ 15. Qxd3
Kxg7 16. Qxd4 f6 17. O-O-O fxe5 18. Nxe5 Qf6 19. Nxd7 Bxd7 20. f3 b5 21. a5 Rac8
22. Kb1 Rc4 23. Qa7 Rf7 24. Qxa6 Bc8 25. Qd6 b4 26. Na4 Qf5 27. Rd2 b3 28. Nc3
Rb7 29. Kc1 d4 30. Ne4 Qxa5 31. Kd1 bxc2+ 32. Rxc2 Qa1+ 33. Kd2 Rxc2+ 34. Kxc2
Rxb2+ 35. Kd3 Rb3+ 36. Ke2 Qa2+ 37. Nd2 Ba6+ 38. Kf2 Qxd2+ 39. Kg3 Qa5 40. Qxd4+
Kf7 41. Qd7+ Kf6 42. Qxh7 Qe5+ 43. Kh3 Qf5+ 44. Kg3 Bb7 45. Rf1 Bd5 46. Qh6 Ke7
47. Qg7+ Kd6 48. Qg8 Qf6 49. Rf2 e5 50. Rd2 Qf4+ 51. Kh3 Qxd2 52. Qf8+ Kc6 53.
Qe8+ Kc5 54. Qe7+ Kd4 55. Qa7+ Kd3 56. Qa6+ Ke3 57. Qxg6 Kf2 58. h5 e4 59. h6
exf3 60. g3 Kg1 61. h7 Rb4 0-1

[Event "ch-NED w 2013"]
[Site "Amsterdam NED"]
[Date "2013.07.11"]
[Round "7.4"]
[White "Haast, Anne"]
[Black "Middelveld, Martine"]
[Result "1-0"]
[WhiteTitle "WIM"]
[WhiteElo "2277"]
[BlackElo "2130"]
[WhiteFideId "1017292"]
[BlackFideId "1016555"]
[EventDate "2013.07.05"]

1. e4 e6 2. d4 d5 3. Nc3 Nf6 4. Bg5 Bb4 5. e5 h6 6. Bc1 Ne4 7. Qg4 g6 8. Ne2 c5
9. a3 Ba5 10. b4 Nxc3 11. Nxc3 cxd4 12. Nb5 Bc7 13. f4 Nc6 14. Bd3 a6 15. Nxc7+
Qxc7 16. Bd2 Bd7 17. O-O Ne7 18. a4 Nf5 19. Qe2 h5 20. Rfc1 O-O 21. h3 Kg7 22.
Be1 Rh8 23. Bxf5 exf5 24. Bh4 Rhe8 25. Ra3 Re6 26. Qd2 Rc8 27. g4 Rc6 28. Qxd4
Qb6 29. Bf2 Qxd4 30. Bxd4 Rc4 31. Rd1 Kh7 32. gxh5 Rxc2 33. hxg6+ fxg6 34. Bc5
Be6 35. a5 Rg8 36. h4 Kh6 37. Rg3 Kg7 38. Be7 Kf7 39. Bc5 Rh8 40. Rh3 Rc4 41.
Rd4 Rxd4 42. Bxd4 Rc8 43. Bc5 Bd7 44. Kf2 Rh8 45. Ke3 Ke6 46. Kd4 Bc6 47. Bd6
Rh7 48. Kc5 Kf7 49. Kb6 Ke6 50. Bc5 Rh8 51. Bf2 Rd8 52. Rg3 Kf7 53. Bd4 Re8 54.
Rg5 Re6 55. h5 gxh5 56. Rxh5 1-0